| 000 | 00633nam a2200217Ii 4500 | ||
|---|---|---|---|
| 001 | 8326 | ||
| 003 | CO-ViMGA | ||
| 008 | 241108s9999||||xx |||||||||||||| ||und|| | ||
| 020 | _a958185196X | ||
| 040 |
_aCO-ViMGA _bspa _erda _cCO-ViMGA |
||
| 041 | 0 | _aspa | |
| 082 | 0 | 4 | _a574.015195 D183 |
| 100 | 1 |
_aDaniel Wayne W. _945935 |
|
| 245 | 1 | 0 |
_aBioestadística : _bBase para el análisis de las ciencias de salud |
| 264 | 1 | _aMéxico : Uteha, 1996 | |
| 300 | _avolumen | ||
| 336 |
_atext _btxt _2rdacontent |
||
| 337 |
_aunmediated _bn _2rdamedia |
||
| 338 |
_avolume _bnc _2rdacarrier |
||
| 940 | _aidficha_siabuc: 8137. -- ficha_no_siabuc:8326 | ||
| 999 |
_c40476 _d40476 |
||